| 000 | 00954nam a2200253Ia 4500 | ||
|---|---|---|---|
| 003 | OSt | ||
| 005 | 20221005111959.0 | ||
| 006 | a|||||r|||| 00| 0 | ||
| 007 | ta | ||
| 008 | 221004b |||||||| |||| 00| 0 hin d | ||
| 024 | _a31800 | ||
| 037 | _cTextual | ||
| 040 |
_aCRL _cCRL _bhin |
||
| 041 |
_2hin _ahin |
||
| 082 | _aP152v:g, K6 | ||
| 100 | _aशास्त्री, नेमिचन्द्र | ||
| 245 | 0 | _aप्राकृत भाषा और साहित्य का आलोचनात्मक इतिहास | |
| 246 | _aPrākṛut bhāṣhā aur sāhitya kā ālochanātmak itihāsa | ||
| 260 |
_aवाराणसी _bतारा पब्लिकेशन्स भारत _c1966 |
||
| 300 |
_a640पृ. _ccm. |
||
| 650 | _aहिन्दी भाषा | ||
| 942 |
_hP152v:g, K6 _cTEXL _2cc |
||
| 999 |
_c1023479 _d1023479 |
||